Grégoire Biasini et Karine Berger Quand la France se détourne de la science Odile Jacob, 2025, 224 pages, 22,90 €. (notice n° 1862586)
[ vue normale ]
| 000 -LEADER | |
|---|---|
| fixed length control field | 00535cam a2200145 4500500 |
| 005 - DATE AND TIME OF LATEST TRANSACTION | |
| control field | 20260329011530.0 |
| 041 ## - LANGUAGE CODE | |
| Language code of text/sound track or separate title | fre |
| 042 ## - AUTHENTICATION CODE | |
| Authentication code | dc |
| 100 10 - MAIN ENTRY--PERSONAL NAME | |
| Personal name | Rivet de Sabatier, Philippe |
| Relator term | author |
| 245 00 - TITLE STATEMENT | |
| Title | Grégoire Biasini et Karine Berger Quand la France se détourne de la science Odile Jacob, 2025, 224 pages, 22,90 €. |
| 260 ## - PUBLICATION, DISTRIBUTION, ETC. | |
| Date of publication, distribution, etc. | 2026.<br/> |
| 500 ## - GENERAL NOTE | |
| General note | 17 |
| 786 0# - DATA SOURCE ENTRY | |
| Note | Études | 4335 | 3 | 2026-02-25 | p. 123-123 | 0014-1941 |
| 856 41 - ELECTRONIC LOCATION AND ACCESS | |
| Uniform Resource Identifier | <a href="https://shs.cairn.info/revue-etudes-2026-3-page-123?lang=fr&redirect-ssocas=7080">https://shs.cairn.info/revue-etudes-2026-3-page-123?lang=fr&redirect-ssocas=7080</a> |
Pas d'exemplaire disponible.




Réseaux sociaux